000 00962cam a22002891a 4500
001 6115571
003 GBCCL
005 20241126110409.0
008 831121s1964 enk 000 0 eng
010 _a 64056878
015 _aGB64-8705
035 _a(OCoLC)10151701
040 _aDLC
_cGAUC
_dUk
_dDLC
042 _apremarc
050 0 0 _aBV2082.I5
_bB43 1964a
082 _a266.023
_bBEY
100 1 _aBeyerhaus, Peter.
_93721
245 1 4 _aThe responsible church and the foreign mission /
_cby Peter Beyerhaus and Henry Lefever.
260 _aLondon :
_bWorld Dominion Press,
_c1964.
300 _a199 p.
_c22 cm.
500 _a"Based on Die Selbständigkeit der jungen Kirchen als missionarisches Problem by Peter Beyerhaus."
504 _aBibliography: p. 193-195.
650 0 _aIndigenous church administration.
_93722
700 1 _aLefever, Henry Charles,
_d1906-
_93723
906 _a7
_bcbc
_coclcrpl
_du
_encip
_f19
_gy-gencatlg
942 _2ddc
_cBK
999 _c1796
_d1796